| 000 | 01506cam a22003011i 4500 | ||
|---|---|---|---|
| 003 | SA-RiAUC | ||
| 005 | 20251020074102.0 | ||
| 008 | 251014s2003 su g b 00010 ara c | ||
| 020 | _a9960433471 | ||
| 040 |
_aKAAU _bara _cSA-RiAUC _erda |
||
| 082 | 0 | 4 | _a258.4 |
| 090 |
_a258.4 _bر ا ج |
||
| 100 | 1 |
_aالراجحي، عبد العزيز بن فيصل، _d1974- _eمؤلف. |
|
| 245 | 1 | 0 |
_aقمع الدجاجلة الطاعنين في معتقد أئمة الإسلام الحنابلة : _bرد على حسن بن فرحان المالكي في كتابه قراءة في كتب العقائد / _cتأليف عبد العزيز بن فيصل الراجحي ؛ تقديم صالح بن فوزان بن عبد الله الفوزان. |
| 250 | _aالطبعة الأولى. | ||
| 264 | 1 |
_aالرياض : _bعبد العزيز بن فيصل الراجحي، _c2003 |
|
| 300 |
_a519 صفحة ؛ _c20 سم |
||
| 336 |
_aنص _btxt _2rdacontent _3كتاب |
||
| 337 |
_aبدون وسيط _bn _2rdamedia |
||
| 338 |
_aمجلد _bnc _2rdacarrier |
||
| 504 | _aيشتمل على ببليوجرافية. | ||
| 650 | 7 |
_aالفقه الحنبلي _2aucsh |
|
| 700 | 1 |
_aالفوزان، صالح بن فوزان بن عبد الله، _d1354 هجري- _eمقدم. |
|
| 700 | 1 | 2 |
_aالمالكي، حسن بن فرحان، _d1390 هجري- |
| 740 | 0 | 2 | _aقراءة في كتب العقائد : المذهب الحنبلي نموذجا. |
| 942 |
_2ddc _cBOOK _n0 |
||
| 949 |
_aSA-JeALM _d251014 _umohamedma123 _n1 |
||
| 999 |
_c12645 _d12645 |
||